| Tag |
First Indicator |
Second Indicator |
Subfields |
| LEADER |
00000cam a2200000 i 4500 |
| 001 |
in00001084607 |
| 005 |
20150929163036.0 |
| 008 |
800829s1907 gw 001 0 ger d |
| 035 |
|
|
|a (OCoLC)06668349
|
| 035 |
|
|
|9 AFR1079AM
|
| 040 |
|
|
|a ILU
|c ILU
|d m.c.
|d TXA
|d UtOrBLW
|
| 049 |
|
|
|a TXAM
|
| 090 |
|
|
|a B825
|b .L8 1907
|
| 100 |
1 |
|
|a Lange, Friedrich Albert,
|d 1828-1875.
|
| 245 |
1 |
0 |
|a Geschichte des Materialismus und Kritik seiner Bedeutung in der Gegenwart /
|c von F. A. Lange.
|
| 264 |
|
1 |
|a Leipzig :
|b A. Kröner,
|c 1907.
|
| 300 |
|
|
|a 2 volumes ;
|c 23 cm.
|
| 336 |
|
|
|a text
|b txt
|2 rdacontent
|
| 337 |
|
|
|a unmediated
|b n
|2 rdamedia
|
| 338 |
|
|
|a volume
|b nc
|2 rdacarrier
|
| 505 |
0 |
|
|a 1. Buch. Geschichte des Materialismus bis auf Kant.--2. Buch. Geschichte der Materialismus seit Kant.
|
| 650 |
|
0 |
|a Materialism.
|
| 999 |
|
|
|a MARS
|
| 999 |
f |
f |
|s 8b3ff9bd-81e9-3614-94b4-99294c2caeed
|i 604c0bf8-1b1e-333b-9265-dd75622b41f0
|t 0
|
| 952 |
f |
f |
|p ric
|a Texas A&M University
|b Rellis Campus
|c Joint Library Facility
|d Remote Storage
|t 0
|e B825 .L8 1907
|h Library of Congress classification
|i unmediated -- volume
|k v.1
|m A14816244473
|
| 998 |
f |
f |
|a B825 .L8 1907
|s v.1
|t 0
|l Remote Storage
|